000 00763nam a22001937a 4500
005 20240710122057.0
008 090826t xxu||||| |||| 00| 0 eng d
010 _aENG-140812
020 _a978-93-937-9090-3
_c744.00
035 _aEN-124344
037 _bDBAD
082 _a500
245 _aNeet Foundation Physics Chemistry Biology/
_hEnglish
260 _bby Person India Education Services Pvt. Ltd,CIN: U72200TN2005PTC057128.
_aUttar Pradesh
_c2022
270 _a15th Floor,Tower-B,World Trade Tower,PlotNo.1,Block-C,Sector16,Noida201 301,
_bUttar Pradesh
_e201 302
_k044-66540100
300 _avarious pages:
_c25cm(pb)
500 _aBased On NCERT Curriculum 2022
942 _2ddc
_cEN
_h500
999 _c204012
_d204012